Statistics for JoJo Stands Part 3-6

Click here to take the quiz!

General Stats

  • This quiz has been taken 98 times
  • The average score is 56 of 116

Answer Stats

Stand UserStand% Correct
Jotaro Kujo (Part 3)Star Platinum
98%
Joseph Joestar (Part 3) | Joseph Joestar (Part 4)Hermit Purple
96%
Muhammad AvdolMagician's Red
92%
Noriaki KakyoinHierophant Green
86%
Jean Pierre PolnareffSilver Chariot
84%
DIOTHE WORLD
82%
IggyThe Fool
78%
Josuke Highashikata (Part 4)Crazy Diamond
75%
Yoshikage KiraKiller Queen
75%
Hol HorseEmperor
71%
Rohan KishibeHeaven's Door
71%
Okuyasu NijimuruThe Hand
71%
Koichi HiroseEchoes Act 1
69%
Koichi HiroseEchoes Act 2
69%
Koichi Hirose | Koichi Hirose (Part 5)Echoes Act 3
69%
Jotaro Kujo | Jotaro Kujo (Part 4) | Jotaro Kujo (Part 5)Star Platinum, The World
69%
Bruno BuccelatiSticky Fingers
69%
Gray FlyTower Of Gray
69%
Giorno GiovannaGold Experience
67%
Keicho NijimuruBad Company
65%
ForeverStrength
65%
The Miasma of the Void, Vanilla IceCream
63%
NenaEmpress
63%
Enya the HagJustice
63%
DiavoloKing Crimson
63%
Steely DanLovers
63%
Guido MistaSex Pistols
63%
Caravan Serai/Chaka/KhanAnubis
61%
J. GeilHanged Man
61%
Narancia GhirgaAerosmith
59%
Mannish BoyDeath 13
59%
Pannacotta FugoPurple Haze
59%
ZZWheel of Fortune
59%
Shigekiyo Yangu (Shigechi)Harvest
57%
Leone AbbacchioMoody Blues
57%
Akira OtoishiRed Hot Chili Pepper
57%
Arabia FatsThe Sun
57%
Imposter Captain TennilleDark Blue Moon
55%
Enrico PucciWhitesnake
55%
Enrico PucciC-Moon
53%
CioccolataGreen Day
53%
Enrico PucciMade In Heaven
53%
Jolyne CujohStone Free
53%
Koichi HiroseEchoes Act 0
51%
Ermes CostelloKiss
51%
Rubber SoulYellow Temperance
51%
PesciBeach Boy
49%
Aya TsujiCinderella
49%
Tamami KobayashiThe Lock
49%
Devo the CursedEbony Devil
47%
Yukako YamagishiLove Deluxe
47%
GhiaccioWhite Album
47%
Anjuro Katagiri (Angelo)Aqua Necklace
45%
PolpoBlack Sabbath
45%
Vinegar DoppioEpitaph
45%
Foo FightersFoo Fighters
45%
Yuya FungamiHighway Star
45%
Risotto NeroMetalicca
45%
Mikitaka KazekuraEarth, Wind and Fire
43%
Giorno GiovannaGold Experience Requiem
43%
CameoJudgement
43%
Toyohiro KanedaichiSuper Fly
43%
MidlerThe High Priestess
43%
SeccoOasis
41%
Tonio TrussardiPearl Jam
41%
MeloneBabyface
39%
Narciso AnasuiDiver Down
39%
N'DoulGeb
39%
FormaggioLittle Feet
39%
Big Bro ProsciuttoThe Grateful Dead
39%
Wes AquamarineWeather Report
39%
Shizuka JoestarAchtung Baby
37%
Yoshihiro KiraAtom Heart Father
37%
Telence T. D'arbyAtum
37%
IllusoMan in the Mirror
37%
CarneNotorious B.I.G
37%
Bug-EatenRatt
37%
Toshikazu HazamadaSurface
37%
MariahBastet
35%
Masazo KinotoCheap Trick
35%
Terunosuke MiyamotoEnigma
35%
Coco JumboMr. President
35%
Daniel J. D'arbyOsiris
35%
Jean Pierre Polnareff (Part 5)Chariot Requiem
33%
The Gatekeeper of Hell, Pet ShopHorus
33%
OingoKhnum
33%
TamaStray Cat
33%
SqualoClash
31%
SaleKraft Work
31%
TizianoTalking Head
31%
Gwess/GuessGoo Goo Dolls
29%
AllesiSethan
29%
Kenny G.Tenore Sax
29%
BoingoTohth
29%
Donatello VersusUnder World
29%
Ken OyanagiBoy II Man
27%
ScolippiRolling Stones
27%
Mario ZuccheroSoft Machine
27%
UngaloBohemian Rhapsody
25%
Emporio AlninoBurning Down the House
25%
GuccioSurvivor
25%
KenzouDragon's Dream
24%
Thunder McQueenHighway To Hell
24%
Miccuia MiullerJail House Lock
24%
Sports MaxxLimp Bizkit
24%
MiraschonMarilyn Manson
24%
D an GYo-Yo Ma
24%
RikielSky High
22%
The Green BabyGreen, Green Grass of Home
20%
Johngalli A.Manhattan Transfer
20%
Lang RanglerJumpin' Jack Flash
18%
Viviano WestwoodPlanet Waves
16%

Score Distribution

Percentile by Number Answered

Percent of People with Each Score

Your Score History

You have not taken this quiz